| 000 | 00423nam a2200121Ia 4500 | ||
|---|---|---|---|
| 008 | 160712s9999 xx 000 0 und d | ||
| 100 | _aAbao, Frances Jane P. | ||
| 245 |
_cFrances Jane P. Abao _aGhostwriting': An Introduction to Ghost Stories by Women |
||
| 260 |
_c2011 _bReview of Women's Studies |
||
| 300 | _avol. 21 no. 1 | ||
| 650 | _xWOMEN | ||
| 856 | _uhttp://journals.upd.edu.ph/index.php/rws/issue/view/441/showToc | ||
| 999 |
_c297705 _d297705 |
||